Science Quiz

Random Science or Blitz Quiz
Score 0/18 Timer 01:30
0 Plays Today
Hint element % Correct
none
100%
none
99.9%
none
99.9%
H, Li, Be, Na, Mg
93.3%
He, O, F, Ne, S, Cl, Ar
93.1%
Ni, Cu, Zn, Pd, Ag, Cd, Pt, Au, Hg
86.1%
B, C, N, Al, Si, P
85.3%
Se, Br, Kr, Te, I, Xe, Po, At, Rn
76.2%
K, Ca, Sc, Rb, Sr, Y, Cs, Ba
76.1%
Hint element % Correct
Mn, Fe, Co, Tc, Ru, Rh, Re, Os, Ir
73.1%
Ga, Ge, As, In, Sn, Sb, Tl, Pb, Bi
70.2%
Rf, Db, Sg, Ce, Pr, Nd, Th, Pa, U
60.8%
Ti, V, Cr, Zr, Nb, Mo, Hf, Ta, W
59.2%
Fr, Ra, La, Ac
57.9%
Bh, Hs, Mt, Pm, Sm, Eu, Np, Pu, Am
53.4%
Nh, Fl, Mc, Ho, Er, Tm, Es, Fm, Md
53.3%
Ds, Rg, Cn, Gd, Tb, Dy, Cm, Bk, Cf
45.4%
Lv, Ts, Og, Yb, Lu, No, Lr
40.8%
Come Together.
Have Fun.
All Virtual.
We all need to come together. Play Sporcle's virtual live trivia to have fun, connect with people, and get your trivia on. Join a live hosted trivia game for your favorite pub trivia experience done virtually. If a virtual private party is more your thing, go here for details.

You're not logged in!

Compare scores with friends on all Sporcle quizzes.
OR
Log In

Sporcle TV

Today on Sporcle TV


Watch our educational content, quiz creation guides, and fun videos on Sporcle TV.

Show Comments

Extras

Top Quizzes Today


Score Distribution

Paid Content

Your Account Isn't Verified!

In order to create a playlist on Sporcle, you need to verify the email address you used during registration. Go to your Sporcle Settings to finish the process.

Report this User

Report this user for behavior that violates our Community Guidelines.

Details: